Normal view MARC view

Entry Personal Name

Number of records used in: 1

001 - CONTROL NUMBER

  • control field: 8414

003 - CONTROL NUMBER IDENTIFIER

  • control field: OSt

005 - DATE AND TIME OF LATEST TRANSACTION

  • control field: 20211028145640.0

008 - FIXED-LENGTH DATA ELEMENTS

  • fixed length control field: 211028|| aca||aabn | a|a d

040 ## - CATALOGING SOURCE

  • Original cataloging agency: OSt
  • Transcribing agency: OSt

100 ## - HEADING--PERSONAL NAME

  • Personal name: Kamath, V Bharath; Nausheeda, B S.
  • Miscellaneous information: 111905

670 ## - SOURCE DATA FOUND

  • Source citation: Work cat.: (OSt): Kamath, V Bharath; Nausheeda, B S. 111905, Implementation of artificial intelligence traffic control system and web based monitoring., 2013